|
|
|
|
| LEADER |
00000nam0a2200000 4500 |
| 001 |
260186 |
| 005 |
20231101233444.0 |
| 010 |
|
|
|a 5020000485
|
| 020 |
|
|
|a RU
|b 88-20490ж
|
| 035 |
|
|
|a (RuTPU)RU\TPU\book\283134
|
| 090 |
|
|
|a 260186
|
| 100 |
|
|
|a 20140514d1988 k y0rusy5003 ca
|
| 101 |
0 |
|
|a rus
|
| 102 |
|
|
|a RU
|
| 105 |
|
|
|a a z 001zy
|
| 200 |
1 |
|
|a Резонансное взаимодействие излучения с веществом
|e [сборник статей]
|f Академия наук СССР (АН СССР), Физический институт им. П. Н. Лебедева (ФИАН) ; отв. ред. А. Н. Ораевский
|
| 210 |
|
|
|a Москва
|c Наука
|d 1988
|
| 215 |
|
|
|a 223 с.
|c ил.
|
| 225 |
1 |
|
|a Труды физического института им. П. Н. Лебедева (ФИАН)
|v Т. 187
|
| 320 |
|
|
|a Библиогр. в конце ст.
|
| 606 |
1 |
|
|a Электромагнитные волны
|x Распространение
|2 stltpush
|3 (RuTPU)RU\TPU\subj\20173
|9 45294
|
| 610 |
1 |
|
|a гауссовы пучки
|
| 610 |
1 |
|
|a оптические резонаторы
|
| 610 |
1 |
|
|a лазерные пучки
|
| 610 |
1 |
|
|a релаксация
|
| 610 |
1 |
|
|a квантовые системы
|
| 610 |
1 |
|
|a взрывное поглощение
|
| 610 |
1 |
|
|a колебания
|
| 610 |
1 |
|
|a электрическое поле
|
| 610 |
1 |
|
|a дискретные отображения
|
| 675 |
|
|
|a 537.87(082)
|z rus
|v 3
|
| 702 |
|
1 |
|a Ораевский
|b А. Н.
|g Анатолий Николаевич
|4 340
|
| 712 |
0 |
2 |
|a Академия наук СССР (АН СССР)
|b Физический институт им. П. Н. Лебедева (ФИАН)
|c (Москва)
|2 stltpush
|3 (RuTPU)RU\TPU\col\13766
|
| 801 |
|
0 |
|a RU
|b RuMRKP
|c 19950417
|g psbo
|
| 801 |
|
1 |
|a RU
|b 63413507
|c 20140514
|
| 801 |
|
2 |
|a RU
|b 63413507
|c 20210723
|g RCR
|
| 942 |
|
|
|c BK
|